[Event "Mostoles op 12th"]
[Site "Mostoles"]
[Date "2023.07.30"]
[Round "8"]
[White "Cano Morales, Alejandro"]
[Black "Mkrtchyan, Levon"]
[Result "0-1"]
[WhiteElo "1533"]
[BlackElo "2251"]
[PlyCount "84"]
[EventDate "2023.07.23"]
[EventType "swiss"]
[EventRounds "8"]
[EventCountry "ESP"]
[SourceTitle "CBM 215 Extra"]
[Source "ChessBase"]
[SourceDate "2023.09.30"]
[SourceVersion "1"]
[SourceVersionDate "2023.09.30"]
[SourceQuality "1"]

1. e4 e5 2. Nc3 Nf6 3. Bc4 Nc6 4. d3 Na5 5. Be3 Bb4 6. Bd2 Nxc4 7. dxc4 Bxc3 8. Bxc3 Nxe4 9. Bxe5 Qe7 10. Qd4 d6 11. Qxe4 Qxe5 12. Qxe5+ dxe5 13. Nf3 f6 14. Ke2 Bf5 15. c3 0-0-0 16. Rad1 Bc2 17. Rd2 Rxd2+ 18. Kxd2 Bg6 19. Nh4 Rd8+ 20. Ke3 Bd3 21. Rd1 Bxc4 22. Rxd8+ Kxd8 23. a3 Bd5 24. g3 g6 25. f4 exf4+ 26. gxf4 Ke7 27. c4 Bh1 28. b4 Ke6 29. Kd4 g5 30. fxg5 fxg5 31. c5 gxh4 32. a4 a6 33. b5 axb5 34. axb5 Kf5 35. h3 Kf4 36. Kd3 Bg2 37. c6 bxc6 38. bxc6 Bxh3 39. Kd4 Bg2 40. Kc5 h3 41. Kb5 h2 42. Ka6 Bxc6 0-1

[Event "ESP-chT Rapid"]
[Site "Toledo"]
[Date "2022.09.24"]
[Round "5"]
[White "Garcia Moreno, Carlos"]
[Black "Mkrtchyan, Levon"]
[Result "0-1"]
[WhiteElo "2268"]
[BlackElo "2245"]
[PlyCount "100"]
[EventDate "2022.09.24"]
[EventType "team-swiss (rapid)"]
[EventRounds "9"]
[EventCountry "ESP"]
[SourceTitle "CBM 210 Extra"]
[Source "ChessBase"]
[SourceDate "2022.11.30"]
[SourceVersion "1"]
[SourceVersionDate "2022.11.30"]
[SourceQuality "1"]
[WhiteTeam "Tomelloso"]
[BlackTeam "Tajamar"]
[WhiteTeamCountry "ESP"]
[BlackTeamCountry "ESP"]

1. e4 e6 2. d4 d5 3. Nd2 Be7 4. Bd3 c5 5. dxc5 Nf6 6. Qe2 Bxc5 7. e5 Nfd7 8. Nb3 b6 9. Nf3 Nc6 10. c3 Qc7 11. Bf4 Bb7 12. Bg3 Be7 13. h4 Nc5 14. Nxc5 bxc5 15. 0-0-0 0-0-0 16. Ng5 Bxg5+ 17. hxg5 d4 18. Kb1 dxc3 19. bxc3 Ne7 20. f3 Nd5 21. Rc1 Qa5 22. Qb2 Kc7 23. Be1 Ba6 24. c4 Qb6 25. Qxb6+ axb6 26. Be4 Ne3 27. Bh4 g6 28. Bf2 Nxc4 29. Ka1 Rd2 30. Rc2 Rxc2 31. Bxc2 Rd8 32. Bb3 Rd2 33. Be1 Rxg2 34. Bc3 Rf2 35. Bd1 Ne3 36. Bb3 Rxf3 37. Rxh7 Bc4 38. Bd2 Bxb3 39. axb3 Nd5 40. Kb2 b5 41. Kc2 Rf5 42. Kd3 Kc6 43. Ke4 c4 44. bxc4 bxc4 45. Kd4 c3 46. Bxc3 Rf4+ 47. Kd3 Rf3+ 48. Ke4 Rxc3 49. Rxf7 Rc4+ 50. Kf3 Rf4+ 0-1

[Event "Collado Villalba Grupo Gallinero op 1st"]
[Site "Collado Villalba"]
[Date "2022.08.13"]
[Round "2"]
[White "Mkrtchyan, Levon"]
[Black "Martin Arbeloa, Fernando"]
[Result "1-0"]
[WhiteElo "2265"]
[BlackElo "1917"]
[PlyCount "89"]
[EventDate "2022.08.12"]
[EventType "swiss"]
[EventRounds "9"]
[EventCountry "ESP"]
[SourceTitle "CBM 210 Extra"]
[Source "ChessBase"]
[SourceDate "2022.11.30"]
[SourceVersion "1"]
[SourceVersionDate "2022.11.30"]
[SourceQuality "1"]

1. e4 c6 2. Nc3 d5 3. Nf3 dxe4 4. Nxe4 Nf6 5. Nxf6+ exf6 6. d4 Bd6 7. Be2 0-0 8. 0-0 Bg4 9. h3 Bh5 10. Nh4 Bxe2 11. Qxe2 g6 12. c4 Nd7 13. Nf3 Re8 14. Qc2 Nf8 15. Be3 Ne6 16. Rfd1 Qc7 17. d5 cxd5 18. Rxd5 Bc5 19. Bxc5 Nxc5 20. Qc3 Nd7 21. Rad1 Nb6 22. R5d4 Rad8 23. b3 Kg7 24. Qd3 Rxd4 25. Qxd4 Re7 26. Qc3 Qc5 27. Rd4 Qf5 28. Qd2 Rd7 29. Rxd7 Nxd7 30. Nd4 Qb1+ 31. Kh2 Ne5 32. Nb5 a6 33. Nd6 Qd3 34. Qxd3 Nxd3 35. Nxb7 Nxf2 36. Nc5 a5 37. Nb7 a4 38. bxa4 Nd3 39. a5 Nb4 40. a3 Na6 41. Kg3 Kf8 42. Kf4 Ke7 43. Ke4 Kd7 44. Kd5 Kc7 45. Nd6 1-0

[Event "Madrid Vicalvaro op"]
[Site "Madrid"]
[Date "2022.05.14"]
[Round "2"]
[White "Mkrtchyan, Levon"]
[Black "Alcojor Patilla, Antonio"]
[Result "1-0"]
[WhiteElo "2293"]
[BlackElo "1629"]
[PlyCount "53"]
[EventDate "2022.05.08"]
[EventType "swiss"]
[EventRounds "7"]
[EventCountry "ESP"]
[SourceTitle "EXT 2024"]
[Source "ChessBase"]
[SourceDate "2023.10.10"]
[SourceVersion "1"]
[SourceVersionDate "2023.10.10"]
[SourceQuality "1"]

1. e4 Nf6 2. e5 Nd5 3. d4 Nc6 4. c4 Nb6 5. f4 d6 6. Be3 g6 7. Nf3 Bg7 8. Be2 Bf5 9. a3 f6 10. d5 Nb8 11. e6 c6 12. Nc3 Bg4 13. b3 Na6 14. f5 Rc8 15. Rc1 Nc7 16. Nd4 Bxe2 17. Ndxe2 cxd5 18. cxd5 Na6 19. h4 Nc5 20. h5 g5 21. h6 Bf8 22. b4 Nc4 23. bxc5 Nxe3 24. Qa4+ Rc6 25. dxc6 Qc7 26. cxb7+ Kd8 27. b8Q+ 1-0

[Event "Madrid-chT Honor 2122"]
[Site "Madrid"]
[Date "2022.03.06"]
[Round "12.3"]
[White "Mkrtchyan, Levon"]
[Black "Alarcia Astiz, Carlos"]
[Result "1/2-1/2"]
[WhiteElo "2284"]
[BlackElo "2294"]
[PlyCount "93"]
[EventDate "2021.11.27"]
[EventType "team-tourn"]
[EventRounds "14"]
[EventCountry "ESP"]
[SourceTitle "EXT 2024"]
[Source "ChessBase"]
[SourceDate "2023.10.10"]
[SourceVersion "1"]
[SourceVersionDate "2023.10.10"]
[SourceQuality "1"]
[WhiteTeam "Tajamar"]
[BlackTeam "Blanco y Negro"]
[WhiteTeamCountry "ESP"]
[BlackTeamCountry "ESP"]

1. e4 c6 2. d4 d5 3. exd5 cxd5 4. Bd3 Nc6 5. c3 g6 6. Qc2 Bg7 7. Bf4 Nf6 8. h3 a6 9. Nf3 Bd7 10. Ne5 Rc8 11. Nxc6 Rxc6 12. Be5 Qc8 13. Na3 Bh6 14. 0-0 0-0 15. Qe2 Bf5 16. Nc2 Rb6 17. Nb4 Bxd3 18. Nxd3 Ne4 19. Rad1 e6 20. f3 Nd6 21. Bxd6 Rxd6 22. f4 Re8 23. g4 Bg7 24. Rde1 Rdd8 25. Qf3 Qc7 26. Re2 Re7 27. h4 Rde8 28. h5 Qd6 29. g5 Bf8 30. Ne5 Rc8 31. Ng4 Bg7 32. Qh3 Rcc7 33. Rh2 Bh8 34. Qh4 b5 35. a3 a5 36. Nf6+ Bxf6 37. gxf6 Re8 38. Qg5 b4 39. axb4 axb4 40. Kh1 bxc3 41. Rc1 Qf8 42. bxc3 Rec8 43. Qg4 Re8 44. Qg5 Rec8 45. Qe5 Rc6 46. Qg5 R6c7 47. Qe5 1/2-1/2

[Event "Madrid-chT Honor 2122"]
[Site "Madrid"]
[Date "2022.02.06"]
[Round "8.3"]
[White "Mkrtchyan, Levon"]
[Black "Fernandez Lledo, Javier"]
[Result "1/2-1/2"]
[WhiteElo "2284"]
[BlackElo "2243"]
[PlyCount "36"]
[EventDate "2021.11.27"]
[EventType "team-tourn"]
[EventRounds "14"]
[EventCountry "ESP"]
[SourceTitle "EXT 2024"]
[Source "ChessBase"]
[SourceDate "2023.10.10"]
[SourceVersion "1"]
[SourceVersionDate "2023.10.10"]
[SourceQuality "1"]
[WhiteTeam "Tajamar"]
[BlackTeam "Alcala de Henares"]
[WhiteTeamCountry "ESP"]
[BlackTeamCountry "ESP"]

1. e4 c5 2. Nf3 e6 3. d4 cxd4 4. Nxd4 Nc6 5. Nc3 Qc7 6. Be3 Nf6 7. Qf3 a6 8. 0-0-0 Ne5 9. Qg3 b5 10. Bxb5 Bb7 11. Ba4 Rc8 12. Rhe1 Nc4 13. Qxc7 Rxc7 14. Bg5 Bb4 15. Bxf6 gxf6 16. Nce2 Bc5 17. Rf1 Rg8 18. g3 Ne5 1/2-1/2

[Event "Collado Villalba op 38th"]
[Site "Collado Villalba"]
[Date "2021.08.24"]
[Round "4"]
[White "Fernandez Estremera, Fernando"]
[Black "Mkrtchyan, Levon"]
[Result "1/2-1/2"]
[WhiteElo "2119"]
[BlackElo "2245"]
[PlyCount "66"]
[EventDate "2021.08.21"]
[EventType "swiss"]
[EventRounds "9"]
[EventCountry "ESP"]
[SourceTitle "CBM 204 Extra"]
[Source "ChessBase"]
[SourceDate "2021.11.30"]
[SourceVersion "1"]
[SourceVersionDate "2021.11.30"]
[SourceQuality "1"]

1. d4 d5 2. Nc3 Nf6 3. Bg5 Nbd7 4. Nf3 h6 5. Bh4 e6 6. e4 g5 7. Bg3 Nxe4 8. Nxe4 dxe4 9. Ne5 Bg7 10. h4 Nxe5 11. Bxe5 Bxe5 12. dxe5 Qe7 13. hxg5 Qxg5 14. Qh5 Qxh5 15. Rxh5 Bd7 16. g3 Bc6 17. Bg2 0-0-0 18. Ke2 Rd4 19. Ke3 Rhd8 20. Rc1 Rd2 21. Rhh1 R2d5 22. Rh5 Rd2 23. Rhh1 R2d5 24. Rh5 f5 25. Rxh6 Rxe5 26. Bf1 b5 27. a4 a5 28. axb5 Bxb5 29. Bxb5 Rxb5 30. Rxe6 Rdd5 31. b3 Rbc5 32. Ke2 Rc3 33. g4 fxg4 1/2-1/2

[Event "Madrid-ch Final"]
[Site "Madrid"]
[Date "2021.05.23"]
[Round "2"]
[White "Martinez Reyes, Pedro Ramon"]
[Black "Mkrtchyan, Levon"]
[Result "1/2-1/2"]
[WhiteElo "2408"]
[BlackElo "2230"]
[PlyCount "116"]
[EventDate "2021.05.22"]
[EventType "swiss"]
[EventRounds "7"]
[EventCountry "ESP"]
[SourceTitle "CBM 203 Extra"]
[Source "ChessBase"]
[SourceDate "2021.09.30"]
[SourceVersion "1"]
[SourceVersionDate "2021.09.30"]
[SourceQuality "1"]

1. e4 e5 2. Nf3 Nc6 3. Bb5 a6 4. Ba4 Nf6 5. Bxc6 dxc6 6. d3 Bd6 7. Nbd2 Be6 8. 0-0 Nd7 9. Nc4 f6 10. Nh4 Qe7 11. Bd2 0-0 12. Qf3 Qf7 13. Nf5 Bxf5 14. Qxf5 Rfe8 15. f4 exf4 16. Nxd6 cxd6 17. Bxf4 d5 18. exd5 Qxd5 19. Qxd5+ cxd5 20. Rfe1 Kf7 21. Kf2 Rac8 22. Rxe8 Rxe8 23. Be3 Ne5 24. h3 Rc8 25. Rc1 Nc6 26. c3 Re8 27. Bc5 Ne5 28. Rd1 Ng6 29. b4 Re6 30. a4 Nf4 31. a5 g5 32. Kf3 Rc6 33. g3 Nxh3 34. Re1 h5 35. Re7+ Kg6 36. Rxb7 g4+ 37. Kg2 Re6 38. Re7 Rc6 39. Rd7 Re6 40. Rd6 Re2+ 41. Kf1 Ra2 42. Bd4 h4 43. Bxf6 Rf2+ 44. Ke1 Rxf6 45. Rxf6+ Kxf6 46. gxh4 d4 47. cxd4 Nf4 48. Kf2 Nxd3+ 49. Kg3 Nxb4 50. Kxg4 Nc6 51. d5 Nxa5 52. Kf4 Nb7 53. Ke4 Kg6 54. Ke5 a5 55. Kd4 Kh5 56. Kc4 Kxh4 57. Kb5 Kg5 58. Kb6 Nd6 1/2-1/2

[Event "Madrid-ch sf"]
[Site "Madrid"]
[Date "2021.05.11"]
[Round "7"]
[White "Mkrtchyan, Levon"]
[Black "Pindado Campos, Raul"]
[Result "1/2-1/2"]
[WhiteElo "2230"]
[BlackElo "2152"]
[PlyCount "32"]
[EventDate "2021.05.05"]
[EventType "swiss"]
[EventRounds "9"]
[EventCountry "ESP"]
[SourceTitle "EXT 2022"]
[Source "ChessBase"]
[SourceDate "2021.10.06"]
[SourceVersion "1"]
[SourceVersionDate "2021.10.06"]
[SourceQuality "1"]

1. e4 c5 2. Nf3 d6 3. d4 cxd4 4. Nxd4 Nf6 5. Nc3 g6 6. Be3 Bg7 7. f3 0-0 8. Qd2 Nc6 9. 0-0-0 d5 10. Kb1 Nxd4 11. e5 Nf5 12. exf6 exf6 13. Nxd5 Nxe3 14. Qxe3 Be6 15. Bc4 f5 16. c3 Re8 1/2-1/2

[Event "Madrid-ch sf"]
[Site "Madrid"]
[Date "2021.05.10"]
[Round "6"]
[White "Rottenwohrer Suarez, Juan"]
[Black "Mkrtchyan, Levon"]
[Result "1-0"]
[WhiteElo "2196"]
[BlackElo "2230"]
[PlyCount "153"]
[EventDate "2021.05.05"]
[EventType "swiss"]
[EventRounds "9"]
[EventCountry "ESP"]
[SourceTitle "EXT 2022"]
[Source "ChessBase"]
[SourceDate "2021.10.06"]
[SourceVersion "1"]
[SourceVersionDate "2021.10.06"]
[SourceQuality "1"]

1. Nf3 Nf6 2. g3 c5 3. Bg2 d5 4. 0-0 e6 5. c4 d4 6. e3 Nc6 7. exd4 cxd4 8. d3 h6 9. Na3 Bd6 10. Nc2 e5 11. b4 0-0 12. Re1 Re8 13. b5 Nb8 14. a4 Nbd7 15. Ba3 Qc7 16. a5 Bxa3 17. Rxa3 Nc5 18. a6 Rb8 19. axb7 Rxb7 20. Nb4 Bf5 21. Nxe5 Rxe5 22. Rxe5 Qxe5 23. Bxb7 Nxb7 24. Nc6 Qe6 25. Rxa7 Bg4 26. Qd2 Nc5 27. Re7 Qd6 28. Qf4 Qxf4 29. gxf4 Nxd3 30. Nxd4 Nd7 31. f5 N3c5 32. Re8+ Kh7 33. f3 Bh3 34. Rc8 g6 35. Rc7 gxf5 36. b6 f4 37. Nb3 Na6 38. Ra7 Nxb6 39. Rxa6 Nxc4 40. Rf6 Ne5 41. Rxf4 Kg6 42. Nd2 Be6 43. Ra4 Bd5 44. Kf2 f6 45. Kg3 Bc6 46. Ra6 Bd5 47. Rd6 Bb7 48. f4 Nf7 49. Rb6 Bd5 50. Nf1 Be4 51. Ne3 h5 52. Re6 Bf5 53. Rb6 Be4 54. Nc4 Bd5 55. Ne5+ Kf5 56. Nxf7 Bxf7 57. Rb5+ Ke4 58. Rb4+ Kf5 59. Kf3 Bd5+ 60. Ke3 Kg4 61. Rb6 f5 62. Rg6+ Kh4 63. Rg3 Bb3 64. Kd4 Bd1 65. Ke5 Bg4 66. Kf6 Bh3 67. Kg6 Bg4 68. Kh6 Be2 69. Kg7 Bd1 70. Kf6 Bc2 71. Kg6 Be4 72. Rg5 Kh3 73. Kxh5 Kxh2 74. Kg6 Kh3 75. Kf6 Kh4 76. Ke5 Bc2 77. Rxf5 1-0

[Event "Madrid-chT 2021"]
[Site "Madrid"]
[Date "2021.05.09"]
[Round "10.3"]
[White "Mkrtchyan, Levon"]
[Black "Garcia Luengo, Leandro"]
[Result "1-0"]
[WhiteElo "2213"]
[BlackElo "2350"]
[PlyCount "113"]
[EventDate "2021.01.23"]
[EventType "team-tourn"]
[EventRounds "14"]
[EventCountry "ESP"]
[SourceTitle "EXT 2022"]
[Source "ChessBase"]
[SourceDate "2021.10.06"]
[SourceVersion "1"]
[SourceVersionDate "2021.10.06"]
[SourceQuality "1"]
[WhiteTeam "Tajamar"]
[BlackTeam "Villalba 64"]
[WhiteTeamCountry "ESP"]
[BlackTeamCountry "ESP"]

1. e4 c5 2. Nf3 Nc6 3. d4 cxd4 4. Nxd4 g6 5. Be3 Nf6 6. Nc3 Bg7 7. Bc4 0-0 8. Bb3 e6 9. 0-0 d5 10. exd5 exd5 11. h3 Be6 12. Nce2 Rc8 13. c3 a6 14. Re1 Na5 15. Nf4 Re8 16. Ndxe6 fxe6 17. Bd4 Nxb3 18. axb3 Qd6 19. Nd3 Nd7 20. Bxg7 Kxg7 21. f4 Rf8 22. Qe2 Rce8 23. Qe3 Qb6 24. Qxb6 Nxb6 25. Nc5 Rf7 26. Rxe6 Rc8 27. Nxa6 Nd7 28. Nb4 Nc5 29. Rd6 d4 30. cxd4 Nxb3 31. Ra7 Rc1+ 32. Kh2 Rc4 33. Rb6 Rxd4 34. Rbxb7 Rdxf4 35. Nd3 R4f5 36. Ne5 Rxb7 37. Rxb7+ Kg8 38. Nxg6 Nc5 39. Ne7+ Kf8 40. Nxf5 Nxb7 41. Kg3 Kf7 42. b4 Ke6 43. Kf4 Nd8 44. b5 Kd5 45. Kg5 Ne6+ 46. Kh6 Nf4 47. Ne3+ Kc5 48. Kxh7 Kxb5 49. h4 Kc5 50. g3 Ne2 51. Nf5 Kd5 52. Kg6 Nc1 53. h5 Nd3 54. h6 Ne5+ 55. Kg7 Ke6 56. h7 Nf7 57. Nh6 1-0

[Event "Madrid-ch sf"]
[Site "Madrid"]
[Date "2021.05.08"]
[Round "4"]
[White "Mkrtchyan, Levon"]
[Black "Ortega Ruiz, Jose Miguel"]
[Result "1/2-1/2"]
[WhiteElo "2230"]
[BlackElo "2253"]
[PlyCount "38"]
[EventDate "2021.05.05"]
[EventType "swiss"]
[EventRounds "9"]
[EventCountry "ESP"]
[SourceTitle "EXT 2022"]
[Source "ChessBase"]
[SourceDate "2021.10.06"]
[SourceVersion "1"]
[SourceVersionDate "2021.10.06"]
[SourceQuality "1"]

1. e4 e5 2. Nf3 Nc6 3. Bc4 Bc5 4. 0-0 Nf6 5. d3 d6 6. c3 a5 7. a4 h6 8. Be3 0-0 9. Nbd2 Bxe3 10. fxe3 d5 11. exd5 Nxd5 12. Qe2 Be6 13. Rae1 Qe7 14. Qf2 Nb6 15. Bb5 Nd8 16. Nxe5 c6 17. e4 Qc7 18. Bc4 Nxa4 19. Ndf3 b5 1/2-1/2

[Event "Madrid-ch sf"]
[Site "Madrid"]
[Date "2021.05.07"]
[Round "3"]
[White "Bravo De la Vega, Alvaro"]
[Black "Mkrtchyan, Levon"]
[Result "0-1"]
[WhiteElo "1936"]
[BlackElo "2230"]
[PlyCount "106"]
[EventDate "2021.05.05"]
[EventType "swiss"]
[EventRounds "9"]
[EventCountry "ESP"]
[SourceTitle "EXT 2022"]
[Source "ChessBase"]
[SourceDate "2021.10.06"]
[SourceVersion "1"]
[SourceVersionDate "2021.10.06"]
[SourceQuality "1"]

1. e4 e5 2. Nc3 Nc6 3. Bc4 Nf6 4. d3 d6 5. h3 Na5 6. Qf3 Nxc4 7. dxc4 Be6 8. b3 c6 9. Bg5 h6 10. Bxf6 Qxf6 11. 0-0-0 Be7 12. Qe2 Qg5+ 13. Kb2 Qxg2 14. Nf3 Qg6 15. Rhg1 Qf6 16. h4 g6 17. Qd3 0-0-0 18. Qe3 Kb8 19. Ne2 Rhg8 20. a4 g5 21. hxg5 hxg5 22. a5 g4 23. Ne1 d5 24. cxd5 cxd5 25. exd5 Bxd5 26. Nc3 Bc6 27. Rxd8+ Bxd8 28. Nd3 e4 29. Nb4 Bxa5 30. Nxc6+ bxc6 31. Qc5 Qxc3+ 32. Qxc3 Bxc3+ 33. Kxc3 f5 34. Kd4 Re8 35. Ke3 Kc7 36. Kf4 Rf8 37. Rh1 Kb6 38. Rh7 a5 39. c3 Re8 40. b4 e3 41. bxa5+ Kxa5 42. fxe3 Re4+ 43. Kxf5 Rxe3 44. Kxg4 Rxc3 45. Rb7 Re3 46. Kf4 Re8 47. Rb3 c5 48. Kf3 c4 49. Re3 Rxe3+ 50. Kxe3 Kb4 51. Kd2 Kb3 52. Kc1 Kc3 53. Kb1 Kd2 0-1

[Event "Madrid-chT 2021"]
[Site "Madrid"]
[Date "2021.03.14"]
[Round "4.3"]
[White "Mkrtchyan, Levon"]
[Black "Quispe Arteaga, Gabriel"]
[Result "1/2-1/2"]
[WhiteElo "2213"]
[BlackElo "2389"]
[PlyCount "94"]
[EventDate "2021.01.23"]
[EventType "team-tourn"]
[EventRounds "14"]
[EventCountry "ESP"]
[SourceTitle "EXT 2022"]
[Source "ChessBase"]
[SourceDate "2021.10.06"]
[SourceVersion "1"]
[SourceVersionDate "2021.10.06"]
[SourceQuality "1"]
[WhiteTeam "Tajamar"]
[BlackTeam "Collado Villalba"]
[WhiteTeamCountry "ESP"]
[BlackTeamCountry "ESP"]

1. e4 c5 2. Nf3 Nc6 3. d4 cxd4 4. Nxd4 e6 5. Nc3 Qc7 6. g3 Nf6 7. Bg2 h5 8. Ndb5 Qb8 9. Bf4 e5 10. Bg5 a6 11. Bxf6 gxf6 12. Na3 Bb4 13. Nc4 b5 14. Ne3 Ne7 15. 0-0 Bxc3 16. bxc3 Qc7 17. Qd3 Bb7 18. c4 Bc6 19. Rfd1 Rc8 20. Qa3 Rb8 21. cxb5 axb5 22. c4 b4 23. Qd3 Kf8 24. Rab1 Kg7 25. Rd2 h4 26. Qe2 Rh6 27. Rdb2 hxg3 28. hxg3 d6 29. Rxb4 Rxb4 30. Rxb4 Bd7 31. Qb2 Bc8 32. Nd5 Nxd5 33. cxd5 Qc5 34. Qd2 Rg6 35. Rb3 Bd7 36. Rc3 Qb4 37. Rc2 Qb1+ 38. Rc1 Qb6 39. Qc3 Qa7 40. a3 f5 41. exf5 Bxf5 42. Re1 Bd7 43. Qe3 Qa5 44. Rb1 Bf5 45. Rb4 Qc7 46. Be4 Bxe4 47. Rxe4 Qc2 1/2-1/2

[Event "Madrid-ch final"]
[Site "Madrid"]
[Date "2020.07.24"]
[Round "7"]
[White "Mkrtchyan, Levon"]
[Black "Torres Bosch, Jose Francisco"]
[Result "1/2-1/2"]
[WhiteElo "2215"]
[BlackElo "2150"]
[PlyCount "82"]
[EventDate "2020.07.18"]
[EventType "swiss"]
[EventRounds "7"]
[EventCountry "ESP"]
[SourceTitle "EXT 2021"]
[Source "ChessBase"]
[SourceDate "2020.10.23"]
[SourceVersion "1"]
[SourceVersionDate "2020.10.23"]
[SourceQuality "1"]

1. e4 c5 2. Nf3 d6 3. d4 cxd4 4. Nxd4 Nf6 5. Nc3 a6 6. Bg5 e6 7. Qf3 Be7 8. 0-0-0 Nbd7 9. Be2 Qa5 10. Be3 Qc7 11. Qg3 Nc5 12. Bf3 Bd7 13. Rhe1 Rc8 14. Kb1 b5 15. a3 Rb8 16. Bf4 Na4 17. Nd5 Nxd5 18. exd5 0-0 19. dxe6 b4 20. Bd5 bxa3 21. Bb3 fxe6 22. Rxe6 Rxb3 23. cxb3 Bf6 24. Rxf6 Rxf6 25. bxa4 Bxa4 26. b3 Be8 27. Bg5 Rf8 28. Qe3 Bg6+ 29. Ka2 Rc8 30. Qd2 a5 31. Re1 Rb8 32. Rc1 Qf7 33. Qxa5 Qxf2+ 34. Qd2 Qf7 35. Bf4 Qd5 36. g3 Bf7 37. Rc3 Re8 38. Re3 Rc8 39. Rc3 Re8 40. Re3 Rc8 41. Rc3 Re8 1/2-1/2